Score 0/71 Timer 10:00
0 Plays Today
Side of Campus Building Name % Correct
ResidentialThe Netherlands
89.9%
AcademicBreslin Hall
82.3%
ResidentialColonial Square
81.5%
ResidentialBill of Rights Hall
79%
ResidentialSondra and David S. Mack Student Center
78.6%
ResidentialNassau Hall
77.4%
ResidentialSuffolk Hall
75%
ResidentialAlliance Hall
74.6%
ResidentialConstitution Hall
74.2%
AcademicNew Academic Building
73%
AcademicAdams Hall
72.6%
AcademicC.V. Starr Hall
71.8%
AcademicMemorial Hall
71%
ResidentialEstabrook Hall
69%
ResidentialVander Poel Hall
67.7%
ResidentialEnterprise Hall
67.3%
ResidentialHofstra USA
66.9%
AcademicDempster Hall
62.9%
AcademicCalkins Hall
60.9%
ResidentialLiberty Hall
59.3%
AcademicBrower Hall
58.9%
AcademicJoan Axinn Hall
58.5%
AcademicWeed Hall
58.5%
ResidentialWellness Center
58.5%
AcademicMonroe Lecture Center
58.1%
ResidentialRepublic Hall
57.3%
AcademicJohn Cranford Adams Playhouse
56.5%
AcademicHofstra Hall
51.2%
AcademicMason Hall
51.2%
AcademicBarnard Hall
50%
AcademicRoosevelt Hall
49.6%
AcademicJames M. Shuart Stadium
49.2%
AcademicAxinn Library
48.8%
AcademicHofstra Deli
48.8%
AcademicDavison Hall
48%
ResidentialNew Complex
45.6%
Side of Campus Building Name % Correct
AcademicCafe on the Quad
45.2%
AcademicHagedorn Hall
44.8%
ResidentialPhysical Fitness Center/Swim Center
44.8%
AcademicEmily Lowe Hall
42.3%
AcademicGittleson Hall
40.7%
ResidentialHofstra Dome
39.9%
AcademicCareer Center
39.1%
AcademicWest Library Wing
38.3%
ResidentialHofstra Arena
37.9%
ResidentialRecreation Center
37.9%
Off-CampusTwin Oaks
31.9%
AcademicHeger Hall
30.2%
AcademicPhysical Plant
30.2%
AcademicHauser Hall
28.2%
AcademicPhillips Hall
27%
AcademicSpiegel Theater
27%
Academic/ResidentialUnispan
27%
AcademicChemistry/Physics Building
25.8%
AcademicMargiotta Hall
24.6%
AcademicWeller Hall
21.8%
AcademicMcEwen Hall
21.4%
ResedentialAlumni House
20.6%
AcademicDavid S. Mack Hall
20.6%
AcademicButler Annex
19%
AcademicSaltzman Community Service Center
18.5%
AcademicAdmissions Building
18.1%
AcademicDeane Law Library
13.7%
AcademicSchool of Law
11.3%
ResidentialUniversity College Hall
10.5%
ResidentialWeeb Ewbank Hall
7.7%
AcademicHofstra Information Center
6.9%
AcademicScott Skodnek Business Development Center
5.6%
AcademicHuman Resources Center
3.6%
AcademicJane Street House
2%
Off-CampusLibrary Technical Services and Resource Center
1.6%
Come Together.
Have Fun.
All Virtual.
We all need to come together. Play Sporcle's virtual live trivia to have fun, connect with people, and get your trivia on. Join a live hosted trivia game for your favorite pub trivia experience done virtually. If a virtual private party is more your thing, go here for details.

You're not logged in!

Compare scores with friends on all Sporcle quizzes.
OR
Log In

Sporcle TV

Today on Sporcle TV


Watch our educational content, quiz creation guides, and fun videos on Sporcle TV.

Show Comments

Extras

Created Oct 7, 2009ReportNominate
Tags:Building, camp, hofstra, purpose, side

Top Quizzes Today


Score Distribution

Paid Content

Your Account Isn't Verified!

In order to create a playlist on Sporcle, you need to verify the email address you used during registration. Go to your Sporcle Settings to finish the process.

Report this User

Report this user for behavior that violates our Community Guidelines.

Details: